[Event "72nd RUS-ch Higher League 2019"]
[Site "Yaroslavl"]
[Date "2019.07.03"]
[Round "6.4"]
[White "Chigaev, Maksim"]
[Black "Sakaev, Konstantin"]
[Result "1/2-1/2"]
[WhiteElo "2640"]
[BlackElo "2584"]
[Annotator "ChessBase"]
[PlyCount "69"]
[EventDate "2019.06.27"]
[EventType "swiss"]
[EventCountry "RUS"]
[SourceTitle "playchess.com"]
[Source "ChessBase"]
[SourceQuality "1"]
[TimeControl "40/5400+30:1800+30"]

1. e4 {[%emt 0:00:00]} c5 {[%emt 0:00:14]} 2. Nc3 {[%emt 0:00:00]} Nc6 {[%emt 0:00:50]} 3. Bb5 {[%emt 0:02:00]} Nd4 {[%emt 0:01:29]} 4. Nf3 {[%emt 0:00:08]} a6 {[%emt 0:06:46]} 5. Bd3 {[%emt 0:00:23]} g6 {[%emt 0:05:46]} 6. Nxd4 {[%emt 0:09:01]} cxd4 {[%emt 0:00:21]} 7. Ne2 {[%emt 0:00:06]} Bg7 {[%emt 0:00:29]} 8. O-O {[%emt 0:00:12]} d5 {[%emt 0:09:37]} 9. exd5 {[%emt 0:17:53]} Qxd5 {[%emt 0:00:59]} 10. c3 {[%emt 0:00:13]} dxc3 {[%emt 0:04:36]} 11. dxc3 {[%emt 0:00:09]} Nf6 {[%emt 0:00:10]} 12. Nf4 {[%emt 0:03:50]} Qc6 {[%emt 0:06:05]} 13. Re1 {[%emt 0:09:12]} Qc7 {[%emt 0:10:08]} 14. Qa4+ {[%emt 0:07:54]} Bd7 {[%emt 0:01:50]} 15. Qb4 {[%emt 0:00:21]} e6 {[%emt 0:01:26]} 16. Be3 {[%emt 0:08:11]} a5 {[%emt 0:00:57]} 17. Qc5 {[%emt 0:01:49]} Qxc5 {[%emt 0:03:01]} 18. Bxc5 {[%emt 0:02:40]} Rc8 {[%emt 0:02:22]} 19. Bd6 {[%emt 0:00:57]} Bc6 {[%emt 0:09:33]} 20. Rad1 {[%emt 0:04:47]} Bf8 {[%emt 0:01:53]} 21. Be5 {[%emt 0:02:00]} Be7 {[%emt 0:00:42]} 22. Bc4 {[%emt 0:02:52]} O-O {[%emt 0:03:49]} 23. Nxe6 {[%emt 0:01:59]} fxe6 {[%emt 0:00:26]} 24. Bxe6+ {[%emt 0:00:04]} Kg7 {[%emt 0:00:10]} 25. Bxc8 {[%emt 0:00:06]} Rxc8 {[%emt 0:00:06]} 26. Bd6 {[%emt 0:00:21]} Bd8 {[%emt 0:04:42]} 27. Rd4 {[%emt 0:01:48]} Bb6 {[%emt 0:02:07]} 28. Rdd1 {[%emt 0:03:57]} Ne4 {[%emt 0:04:02]} 29. Be5+ {[%emt 0:00:14]} Kf7 {[%emt 0:00:12]} 30. Bd4 {[%emt 0:00:13]} Bc7 {[%emt 0:00:06]} 31. Rd3 {[%emt 0:02:12]} Nf6 {[%emt 0:04:05]} 32. Rde3 {[%emt 0:06:49]} Bd8 {[%emt 0:03:38]} 33. Rd3 {[%emt 0:03:51]} Bc7 {[%emt 0:02:38]} 34. Rde3 {[%emt 0:00:07]} Bd8 {[%emt 0:00:04]} 35. Rd3 {[%emt 0:00:06]} 1/2-1/2

[Event "72nd RUS-ch Higher League 2019"]
[Site "Yaroslavl"]
[Date "2019.07.03"]
[Round "6.5"]
[White "Iljiushenok, Ilia"]
[Black "Dreev, Aleksey"]
[Result "1/2-1/2"]
[WhiteElo "2549"]
[BlackElo "2657"]
[Annotator "ChessBase"]
[PlyCount "88"]
[EventDate "2019.06.27"]
[EventType "swiss"]
[EventCountry "RUS"]
[SourceTitle "playchess.com"]
[Source "ChessBase"]
[SourceQuality "1"]
[TimeControl "40/5400+30:1800+30"]

1. e4 {[%emt 0:00:00]} c5 {[%emt 0:00:32]} 2. Nf3 {[%emt 0:00:00]} e6 {[%emt 0:00:07]} 3. d4 {[%emt 0:00:06]} cxd4 {[%emt 0:00:07]} 4. Nxd4 {[%emt 0:00:05]} Nf6 {[%emt 0:00:05]} 5. Nc3 {[%emt 0:00:07]} Nc6 {[%emt 0:00:04]} 6. Nxc6 {[%emt 0:08:12]} bxc6 {[%emt 0:01:04]} 7. e5 {[%emt 0:00:03]} Nd5 {[%emt 0:00:11]} 8. Ne4 {[%emt 0:00:04]} Qc7 {[%emt 0:00:16]} 9. f4 {[%emt 0:00:05]} Qb6 {[%emt 0:00:30]} 10. c4 {[%emt 0:00:16]} Bb4+ {[%emt 0:00:25]} 11. Ke2 {[%emt 0:00:23]} f5 {[%emt 0:00:21]} 12. Nf2 {[%emt 0:00:18]} Ba6 {[%emt 0:01:46]} 13. Kf3 {[%emt 0:00:17]} Ne7 {[%emt 0:00:31]} 14. Be3 {[%emt 0:06:26]} Bc5 {[%emt 0:02:33]} 15. Bxc5 {[%emt 0:06:15]} Qxc5 {[%emt 0:00:52]} 16. Qd6 {[%emt 0:00:34]} Qb6 {[%emt 0:00:40]} 17. b3 {[%emt 0:06:19]} c5 {[%emt 0:03:54]} 18. Rd1 {[%emt 0:07:40]} Bb7+ {[%emt 0:04:28]} 19. Kg3 {[%emt 0:02:45]} Qxd6 {[%emt 0:04:32]} 20. Rxd6 {[%emt 0:02:58]} g5 {[%emt 0:08:18]} 21. Nd3 {[%emt 0:19:47]} gxf4+ {[%emt 0:08:41]} 22. Kxf4 {[%emt 0:00:09]} Rc8 {[%emt 0:07:39]} 23. Be2 {[%emt 0:07:23]} Ng6+ {[%emt 0:20:31]} 24. Ke3 {[%emt 0:00:14]} Bxg2 {[%emt 0:01:43]} 25. Rd1 {[%emt 0:06:10]} Be4 {[%emt 0:09:26]} 26. Nf4 {[%emt 0:02:18]} Nxe5 {[%emt 0:01:11]} 27. Nxe6 {[%emt 0:00:07]} Ke7 {[%emt 0:01:03]} 28. Ng5 {[%emt 0:05:24]} Bc6 {[%emt 0:00:54]} 29. Bh5 {[%emt 0:05:18]} Rcg8 {[%emt 0:05:22]} 30. Kf4 {[%emt 0:02:47]} Ng6+ {[%emt 0:01:19]} 31. Bxg6 {[%emt 0:00:04]} Rxg6 {[%emt 0:02:49]} 32. R6d3 {[%emt 0:01:19]} Rf8 {[%emt 0:07:56]} 33. Re3+ {[%emt 0:05:09]} Be4 {[%emt 0:00:05]} 34. Nxe4 {[%emt 0:00:10]} fxe4+ {[%emt 0:02:36]} 35. Kxe4 {[%emt 0:00:04]} Re6+ {[%emt 0:00:48]} 36. Kd3 {[%emt 0:00:02]} Rf2 {[%emt 0:01:10]} 37. Rd2 {[%emt 0:04:29]} Rxe3+ {[%emt 0:01:27]} 38. Kxe3 {[%emt 0:00:01]} Rxd2 {[%emt 0:00:26]} 39. Kxd2 {[%emt 0:00:02]} Ke6 {[%emt 0:00:05]} 40. Kc3 {[%emt 0:00:00]} a5 {[%emt 0:00:00]} 41. a3 {[%emt 0:00:25]} h5 {[%emt 0:04:20]} 42. h4 {[%emt 0:03:24]} Kf5 {[%emt 0:02:43]} 43. b4 {[%emt 0:00:04]} axb4+ {[%emt 0:00:10]} 44. axb4 {[%emt 0:00:01]} cxb4+ {[%emt 0:00:17]} 1/2-1/2

[Event "72nd RUS-ch Higher League 2019"]
[Site "Yaroslavl"]
[Date "2019.07.03"]
[Round "6.6"]
[White "Fedoseev, Vladimir"]
[Black "Rozum, Ivan"]
[Result "1-0"]
[WhiteElo "2680"]
[BlackElo "2572"]
[Annotator "TA"]
[PlyCount "81"]
[EventDate "2019.06.27"]
[EventType "swiss"]
[EventCountry "RUS"]
[SourceTitle "playchess.com"]
[Source "ChessBase"]
[SourceQuality "1"]

{[%evp 9,81,25,28,22,47,34,36,40,59,68,74,69,120,127,148,135,152,123,120,125,134,127,138,107,112,111,135,132,144,138,142,116,145,143,158,129,120,63,160,144,196,178,190,208,189,193,366,360,357,319,422,422,396,356,431,439,577,585,582,570,573,572,633,589,831,730,1111,1145,1122,1106,1852,1305,2134,1782]} 1. e4 c6 2. d4 d5 3. e5 Bf5 4. Nf3 e6 5. Be2 Ne7 6. c3 {B12: Caro-Kann: Advance Variation} c5 7. dxc5 Nec6 8. b4 {White is slightly better.} Nd7 9. Nd4 Bxb1 $146 ({Predecessor:} 9... Be4 10. O-O Ncxe5 11. Nd2 Be7 12. Nxe4 dxe4 13. Qc2 Nf6 {1-0 (29) Ni,H (2670)-Gurevich,D (2483) chess.com INT 2018}) 10. Rxb1 Ndxe5 (10... Ncxe5 $14 11. f4 Nc6) 11. Qa4 $16 Qc8 12. Bf4 f6 13. O-O Be7 14. Be3 O-O 15. f4 $1 {[%cal Rf4e5]} Nf7 16. Bb5 {[%cal Rd4c6]} Nfd8 17. Nf3 f5 18. Qb3 Bf6 19. Rbd1 Ne7 20. Be2 Ndc6 21. Rfe1 h6 22. h4 Qc7 23. b5 ({Better is} 23. g3 $16) 23... Na5 (23... Nb8 $1 $14) 24. Qb4 Nc4 (24... Rfe8 $16 {might work better.} 25. g3 Ng6) 25. Bxc4 $18 dxc4 26. Qxc4 Nd5 {[#]} 27. Bd4 $1 Nxf4 $2 (27... Bxd4+ 28. Nxd4 (28. Rxd4 Rfe8 $16) 28... Nxf4 29. Nxe6 Nxe6 30. Qxe6+ (30. Rxe6 Kh7 $16) 30... Kh7) 28. Bxf6 Rxf6 {[#]} 29. Rd6 $1 Ng6 30. Rexe6 {Re8+! would kill now.} Qf7 31. c6 {Hoping for cxb7.} bxc6 32. Qxc6 {White is clearly winning.} Rxe6 33. Rxe6 Nf8 34. Qxa8 Qxe6 35. Qxa7 Nd7 36. Qd4 Nf6 37. c4 Qe2 38. b6 Qxa2 39. Kh2 Qb1 40. c5 Qb5 41. Ne5 {Accuracy: White = 86%, Black = 34%.} 1-0

[Event "72nd RUS-ch Higher League 2019"]
[Site "Yaroslavl"]
[Date "2019.07.03"]
[Round "6.7"]
[White "Paravyan, David"]
[Black "Alekseenko, Kirill"]
[Result "0-1"]
[WhiteElo "2605"]
[BlackElo "2650"]
[Annotator "ChessBase"]
[PlyCount "110"]
[EventDate "2019.06.27"]
[EventType "swiss"]
[EventCountry "RUS"]
[SourceTitle "playchess.com"]
[Source "ChessBase"]
[SourceQuality "1"]
[TimeControl "40/5400+30:1800+30"]

1. d4 {[%emt 0:00:00]} Nf6 {[%emt 0:00:00]} 2. c4 {[%emt 0:00:00]} e6 {[%emt 0:00:21]} 3. Nc3 {[%emt 0:00:00]} Bb4 {[%emt 0:00:47]} 4. Qc2 {[%emt 0:00:00]} O-O {[%emt 0:02:14]} 5. Nf3 {[%emt 0:00:00]} d6 {[%emt 0:11:14]} 6. Bd2 {[%emt 0:00:43]} Qe7 {[%emt 0:03:36]} 7. a3 {[%emt 0:00:37]} Bxc3 {[%emt 0:00:35]} 8. Bxc3 {[%emt 0:00:07]} Nbd7 {[%emt 0:01:31]} 9. e4 {[%emt 0:12:56]} e5 {[%emt 0:01:03]} 10. d5 {[%emt 0:01:07]} Nc5 {[%emt 0:01:59]} 11. Nd2 {[%emt 0:00:12]} Bd7 {[%emt 0:01:04]} 12. Be2 {[%emt 0:05:54]} Na4 {[%emt 0:05:50]} 13. O-O {[%emt 0:00:38]} c5 {[%emt 0:01:56]} 14. b3 {[%emt 0:09:25]} Nxc3 {[%emt 0:07:50]} 15. Qxc3 {[%emt 0:00:31]} b6 {[%emt 0:09:43]} 16. b4 {[%emt 0:00:53]} Rfc8 {[%emt 0:14:28]} 17. Rfb1 {[%emt 0:03:02]} Rab8 {[%emt 0:03:30]} 18. h3 {[%emt 0:09:15]} h6 {[%emt 0:02:58]} 19. Rb2 {[%emt 0:02:18]} Be8 {[%emt 0:06:55]} 20. Qe3 {[%emt 0:02:45]} Qc7 {[%emt 0:02:26]} 21. Rab1 {[%emt 0:06:02]} Bd7 {[%emt 0:00:25]} 22. Kh2 {[%emt 0:03:51]} Nh7 {[%emt 0:00:34]} 23. Rf1 {[%emt 0:01:53]} Rf8 {[%emt 0:02:28]} 24. Nf3 {[%emt 0:05:47]} Qd8 {[%emt 0:01:49]} 25. bxc5 {[%emt 0:05:26]} bxc5 {[%emt 0:00:12]} 26. Rfb1 {[%emt 0:00:02]} Qc7 {[%emt 0:01:15]} 27. Nh4 {[%emt 0:09:05]} Rxb2 {[%emt 0:01:23]} 28. Rxb2 {[%emt 0:00:02]} Rb8 {[%emt 0:00:12]} 29. Rxb8+ {[%emt 0:00:44]} Qxb8 {[%emt 0:00:03]} 30. Bg4 {[%emt 0:00:04]} Bxg4 {[%emt 0:02:47]} 31. hxg4 {[%emt 0:00:26]} Qd8 {[%emt 0:02:48]} 32. g3 {[%emt 0:02:18]} Nf6 {[%emt 0:00:24]} 33. f3 {[%emt 0:00:58]} Nh7 {[%emt 0:03:00]} 34. Qb3 {[%emt 0:04:16]} g6 {[%emt 0:00:13]} 35. Qb5 {[%emt 0:06:48]} Kg7 {[%emt 0:00:17]} 36. Ng2 {[%emt 0:06:59]} Ng5 {[%emt 0:03:10]} 37. Ne1 {[%emt 0:00:03]} h5 {[%emt 0:00:31]} 38. gxh5 {[%emt 0:00:21]} Qh8 {[%emt 0:00:23]} 39. Qd7 {[%emt 0:03:27]} Qxh5+ {[%emt 0:00:14]} 40. Kg2 {[%emt 0:00:00]} Nxe4 {[%emt 0:00:00]} 41. g4 {[%emt 0:10:13]} Qh4 {[%emt 0:01:49]} 42. fxe4 {[%emt 0:00:04]} Qxe1 {[%emt 0:00:09]} 43. Qxd6 {[%emt 0:00:04]} Qxe4+ {[%emt 0:00:26]} 44. Kg3 {[%emt 0:01:21]} Qe3+ {[%emt 0:03:21]} 45. Kg2 {[%emt 0:00:53]} Qd2+ {[%emt 0:06:04]} 46. Kg3 {[%emt 0:01:30]} Qc3+ {[%emt 0:00:06]} 47. Kg2 {[%emt 0:02:57]} Qb2+ {[%emt 0:00:24]} 48. Kf3 {[%emt 0:00:38]} e4+ {[%emt 0:03:50]} 49. Kg3 {[%emt 0:01:50]} Qxa3+ {[%emt 0:01:24]} 50. Kh4 {[%emt 0:01:28]} Qb2 {[%emt 0:00:19]} 51. Kh3 {[%emt 0:03:08]} Qc3+ {[%emt 0:00:53]} 52. Kg2 {[%emt 0:02:24]} e3 {[%emt 0:01:06]} 53. Qe7 {[%emt 0:00:29]} Qd2+ {[%emt 0:00:15]} 54. Kh3 {[%emt 0:01:24]} e2 {[%emt 0:01:16]} 55. Qe5+ {[%emt 0:00:04]} Kh7 {[%emt 0:00:08]} 0-1

[Event "72nd RUS-ch Higher League 2019"]
[Site "Yaroslavl"]
[Date "2019.07.03"]
[Round "6.8"]
[White "Pridorozhni, Aleksei"]
[Black "Alekseev, Evgeny"]
[Result "1-0"]
[WhiteElo "2588"]
[BlackElo "2645"]
[Annotator "ChessBase"]
[PlyCount "87"]
[EventDate "2019.06.27"]
[EventType "swiss"]
[EventCountry "RUS"]
[SourceTitle "playchess.com"]
[Source "ChessBase"]
[SourceQuality "1"]
[TimeControl "40/5400+30:1800+30"]

1. e4 {[%emt 0:01:13]} c5 {[%emt 0:02:42]} 2. Nf3 {[%emt 0:00:09]} e6 {[%emt 0:00:37]} 3. d4 {[%emt 0:00:18]} cxd4 {[%emt 0:01:15]} 4. Nxd4 {[%emt 0:00:08]} Nc6 {[%emt 0:01:06]} 5. g3 {[%emt 0:00:34]} Nf6 {[%emt 0:02:29]} 6. Bg2 {[%emt 0:02:11]} Bc5 {[%emt 0:05:27]} 7. Nb3 {[%emt 0:00:24]} Bb6 {[%emt 0:00:35]} 8. O-O {[%emt 0:05:13]} O-O {[%emt 0:03:04]} 9. c4 {[%emt 0:02:44]} d6 {[%emt 0:02:55]} 10. Qe2 {[%emt 0:28:31]} a5 {[%emt 0:20:04]} 11. a4 {[%emt 0:07:18]} e5 {[%emt 0:05:02]} 12. Nc3 {[%emt 0:04:31]} Bg4 {[%emt 0:06:49]} 13. Bf3 {[%emt 0:01:28]} Be6 {[%emt 0:02:34]} 14. Nd5 {[%emt 0:10:54]} Nd7 {[%emt 0:05:41]} 15. Be3 {[%emt 0:04:13]} Bxe3 {[%emt 0:02:35]} 16. Qxe3 {[%emt 0:00:20]} b6 {[%emt 0:04:03]} 17. Bg2 {[%emt 0:04:05]} Nc5 {[%emt 0:01:33]} 18. f4 {[%emt 0:00:44]} f6 {[%emt 0:02:22]} 19. h4 {[%emt 0:04:34]} Ne7 {[%emt 0:07:48]} 20. Nd2 {[%emt 0:02:46]} Nc6 {[%emt 0:02:55]} 21. Nb3 {[%emt 0:01:35]} Ra7 {[%emt 0:02:11]} 22. Ra3 {[%emt 0:06:33]} Re8 {[%emt 0:04:01]} 23. f5 {[%emt 0:02:58]} Bf7 {[%emt 0:03:32]} 24. g4 {[%emt 0:00:39]} Nb4 {[%emt 0:02:06]} 25. Qd2 {[%emt 0:01:47]} Ncd3 {[%emt 0:04:13]} 26. Nc1 {[%emt 0:01:57]} Bxd5 {[%emt 0:00:55]} 27. cxd5 {[%emt 0:00:07]} Nf4 {[%emt 0:00:20]} 28. Ne2 {[%emt 0:00:15]} Rc7 {[%emt 0:00:27]} 29. Rc3 {[%emt 0:01:30]} Rxc3 {[%emt 0:00:26]} 30. Nxc3 {[%emt 0:01:00]} g6 {[%emt 0:02:06]} 31. Rf3 {[%emt 0:01:12]} gxf5 {[%emt 0:02:48]} 32. exf5 {[%emt 0:00:23]} h5 {[%emt 0:00:27]} 33. Rg3 {[%emt 0:01:18]} hxg4 {[%emt 0:00:47]} 34. Ne2 {[%emt 0:00:14]} Nbd3 {[%emt 0:00:32]} 35. Rxd3 {[%emt 0:00:25]} Nxd3 {[%emt 0:00:03]} 36. Qxd3 {[%emt 0:00:05]} Qc7 {[%emt 0:00:08]} 37. Nc3 {[%emt 0:01:00]} Kf7 {[%emt 0:00:26]} 38. Kh2 {[%emt 0:00:27]} Rh8 {[%emt 0:00:47]} 39. Qg3 {[%emt 0:00:39]} Rg8 {[%emt 0:00:13]} 40. Ne4 {[%emt 0:00:00]} Ke7 {[%emt 0:00:00]} 41. Qc3 {[%emt 0:14:11]} Qd7 {[%emt 0:05:33]} 42. Qc6 {[%emt 0:03:34]} Qxf5 {[%emt 0:01:49]} 43. Qxd6+ {[%emt 0:00:19]} Kf7 {[%emt 0:00:05]} 44. Ng3 {[%emt 0:02:43]} 1-0

[Event "72nd RUS-ch Higher League 2019"]
[Site "Yaroslavl"]
[Date "2019.07.03"]
[Round "6.9"]
[White "Zvjaginsev, Vadim"]
[Black "Frolyanov, Dmitry"]
[Result "1/2-1/2"]
[WhiteElo "2644"]
[BlackElo "2538"]
[Annotator "TA"]
[PlyCount "120"]
[EventDate "2019.06.27"]
[EventType "swiss"]
[EventCountry "RUS"]
[SourceTitle "playchess.com"]
[Source "ChessBase"]
[SourceQuality "1"]

{[%evp 15,120,14,17,14,16,21,39,12,35,14,19,13,30,9,11,2,10,0,0,-7,-6,-14,-16,-10,-14,-17,-14,-18,-12,-23,-26,-32,-14,-44,-21,-34,-35,-37,-32,-66,-46,-83,-45,-91,-22,-31,0,-58,-34,-32,-24,-19,-12,-25,0,0,0,0,0,-10,-4,-15,-8,-19,-16,-16,-18,-17,-14,-29,-29,-82,-81,-81,-79,-79,-74,-75,-71,-79,-71,-83,-74,-83,-74,-106,-101,-106,-77,-83,-83,-90,-90,-89,-89,-90,-79,-83,-79,-79,-71,-79,-60,-96,-8,-8,-8]} 1. e4 e5 2. Nf3 Nf6 3. Nxe5 d6 4. Nf3 Nxe4 5. d3 Nf6 6. d4 Be7 7. Bd3 O-O 8. O-O Bg4 9. h3 {C42: Petroff Defence: 3 Nxe5 and unusual White 3rd moves} Bh5 10. Re1 Nbd7 {[%cal Bb8d7,Bd7f8,Bf8e6][%mdl 32]} (10... c5 11. dxc5 dxc5 12. g4 Bg6 13. Bxg6 hxg6 14. Qxd8 Bxd8 15. Bf4 Bb6 16. Na3 Nc6 {1-0 (54) Santos Latasa,J (2576)-Vallejo Pons,F (2707) Leon 2018}) 11. Bf4 {White is slightly better.} Re8 12. Nbd2 Nf8 13. c3 Ne6 $146 ({Predecessor:} 13... c6 14. Qb3 Qd7 15. a4 Bg6 16. Bc4 Rad8 {½-½ (25) Barski,R (2432)-Grabarczyk,M (2408) Zgierz 2018}) 14. Be3 c6 15. Qb3 Qd7 16. c4 Bg6 17. Bxg6 hxg6 18. Rad1 d5 19. Ne5 Qc7 20. Ndf3 dxc4 21. Qxc4 {Threatens to win with Nxf7!} Nd5 22. Bd2 Bf6 23. Re4 Rad8 24. Ng4 Nf8 25. Rde1 Rxe4 26. Rxe4 Ne6 27. b4 Qd6 28. a4 a6 29. g3 Be7 (29... Nb6 $17 30. Nxf6+ gxf6) 30. Nge5 $11 Bf6 31. Kg2 ({White should play} 31. Ng4 $11) 31... Ne7 (31... Nb6 $5 {[%cal Rb6c4]} 32. Qe2 Nxa4 $15) 32. b5 axb5 33. axb5 cxb5 34. Qxb5 Qd5 (34... Bxe5 {is more complex.} 35. Nxe5 b6 36. Qc4 Rb8 37. Bb4 Qd5) 35. Qxd5 Rxd5 36. Bc3 b5 37. Bb4 Nf5 {[%cal Rf5d4]} 38. Nxg6 Nfxd4 39. Nf4 Nxf4+ 40. Rxf4 Nc6 41. Bd2 Be7 42. Re4 b4 43. Rxe7 (43. Re1 $11) 43... Nxe7 $17 44. Bxb4 $11 {[%mdl 4096] Endgame KRN-KBN} Nc6 45. Bd2 Rb5 46. h4 Rb2 47. Be3 Ra2 48. Ng5 f6 49. Nh3 Kf7 50. Bc5 Rc2 51. Bd6 Nd4 52. Bf4 Nf5 53. Bb8 Rb2 54. Ba7 Rb7 55. Bc5 Ke6 56. Kf3 Ke5 57. Nf4 Rb3+ 58. Be3 Ra3 59. Nh5 g5 (59... Ke6 $17 {next ...g5 is good for Black.} 60. Nf4+ Kd6) 60. hxg5 fxg5 {Accuracy: White = 27%, Black = 48%.} 1/2-1/2

[Event "72nd RUS-ch Higher League 2019"]
[Site "Yaroslavl"]
[Date "2019.07.03"]
[Round "6.10"]
[White "Lysyj, Igor"]
[Black "Popov, Ivan"]
[Result "1/2-1/2"]
[WhiteElo "2623"]
[BlackElo "2599"]
[Annotator "TA"]
[PlyCount "117"]
[EventDate "2019.06.27"]
[EventType "swiss"]
[EventCountry "RUS"]
[SourceTitle "playchess.com"]
[Source "ChessBase"]
[SourceQuality "1"]

{[%evp 9,117,4,-9,-15,-4,0,8,0,21,31,33,19,38,16,16,16,18,16,15,0,26,26,26,26,26,26,34,23,34,28,29,29,38,29,29,29,29,27,29,27,36,27,27,25,35,0,36,20,20,20,22,20,40,40,39,35,35,35,39,9,10,10,8,1,33,8,13,14,22,33,33,33,42,42,42,42,42,42,43,43,43,42,42,42,42,42,42,42,42,0,42,42,42,42,42,42,42,42,42,42,42,42,42,42,42,42,42,42,42,0]} 1. d4 d5 2. Nf3 Nf6 3. g3 c5 4. dxc5 e6 5. Bg2 Bxc5 {[#]} 6. c4 $1 {[%mdl 512] D02: 1 d4 d5 2 Nf3 sidelines, including 2...Nf6 3 g3 and 2...Nf6 3 Bf4} Nc6 (6... dxc4 7. Qxd8+) 7. cxd5 Qxd5 (7... exd5 8. O-O O-O 9. Nbd2 Bb6 10. Nb3 d4 11. Bf4 Re8 12. Qd3 Bg4 13. Rfd1 Qe7 14. h3 Nb4 15. Qb5 d3 16. exd3 Bd7 17. Qg5 h6 {0-1 (41) Stupak,K (2502)-Sutovsky,E (2665) Plovdiv 2010}) 8. O-O {The position is equal.} Qxd1 9. Rxd1 O-O 10. Nc3 Bd7 11. Ng5 Rfd8 12. Nge4 Nxe4 13. Nxe4 Be7 14. Nd6 $146 ({Predecessor:} 14. Be3 Be8 15. Bc5 Bxc5 16. Nxc5 {½-½ (30) Pomar Salamanca,A-Padevsky,N Tel Aviv 1964}) 14... Bxd6 (14... Be8 $5 15. Bf4 g5 16. Nxe8 gxf4 $11) 15. Rxd6 Be8 16. Rxd8 Rxd8 17. Be3 b6 18. Rc1 Rc8 19. Bf4 f6 20. Bd6 Kf7 21. f4 Ne7 22. Rxc8 Nxc8 $11 {[%mdl 4096] Endgame KBB-KBN} 23. Bb4 Ne7 24. Kf2 Bc6 25. e4 Ke8 26. Bc3 Kf7 27. Bb4 f5 28. exf5 exf5 29. Bf1 Bd5 30. a3 Nc6 31. Bc3 g6 32. b4 Ke7 33. Ke3 Nd8 34. b5 Nf7 35. Bg7 Nd6 36. Kd4 Ke6 37. Be5 Bb3 38. Kc3 Bd5 39. Kb4 Kd7 40. a4 {[%cal Ba3a4,Ba4a5][%mdl 32]} Ke6 41. Be2 h5 42. Bf1 Kd7 43. a5 Ke6 44. Bd4 Nc8 $1 45. a6 Nd6 46. Be5 Kd7 47. Be2 Ke6 48. Kc3 Kd7 49. Kb4 Ke6 50. Bg7 {White is slightly better.} Kf7 51. Bd4 Ke6 52. Be5 Kd7 53. Bf6 Ke6 54. Bd4 Kd7 55. Bf2 Ke6 56. Be3 Kd7 57. Bc1 Ke6 58. Bb2 Kd7 59. Be5 {Accuracy: White = 70%, Black = 71%.} 1/2-1/2

[Event "72nd RUS-ch Higher League 2019"]
[Site "Yaroslavl"]
[Date "2019.07.03"]
[Round "6.11"]
[White "Salemgareev, Tagir"]
[Black "Grachev, Boris"]
[Result "0-1"]
[WhiteElo "2412"]
[BlackElo "2621"]
[Annotator "TA"]
[PlyCount "46"]
[EventDate "2019.06.27"]
[EventType "swiss"]
[EventCountry "RUS"]
[SourceTitle "playchess.com"]
[Source "ChessBase"]
[SourceQuality "1"]

{[%evp 10,114,16,13,27,28,33,22,31,10,16,21,12,0,0,0,0,0,-4,-23,0,0,18,-22,0,-12,-13,-16,-8,-19,-29,-20,0,-15,0,-9,-13,-43,-16,-81,-88,-72,-18,-18,-18,-18,0,-112,-104,-112,-99,-126,-47,-100,-106,-258,-154,-189,-204,-204,-204,-204,-192,-187,-204,-195,-181,-333,-110,-124,-123,-137,0,0,0,-330,-368,-375,-380,-361,-353,-361,-362,-520,-520,-493,-452,-655,-643,-778,-771,-29967,-29968,-29972,-2400,-2055,-1950,-29987,-29979,-29989,-29990,-29990,-29991,-29991,-29992,-29993,-29994]} 1. d4 d5 2. c4 e6 3. Nc3 Nf6 4. cxd5 exd5 5. Bg5 c6 6. e3 ({Predecessor:} 6. Qc2 h6 7. Bh4 Be6 8. e3 Nbd7 {½-½ (44) Cernousek,L (2466)-Cvek,R (2523) Ostrava 2016}) 6... Be6 $146 {D35: Queen's Gambit Declined: Exchange Variation} (6... Be7 7. Bd3 Nbd7 8. Nge2 Nf8 9. O-O Ne6 10. Bh4 g6 11. b4 a6 12. Na4 O-O 13. Nc5 Ng7 14. Rc1 Nfe8 15. Bxe7 Qxe7 16. a4 Nd6 {½-½ (43) Ding,L (2813)-Fedoseev,V (2724) Wijk aan Zee 2019}) 7. Bd3 Nbd7 8. Qc2 h6 {The position is equal.} 9. Bh4 g5 10. Bg3 Nh5 $1 11. Nge2 Nxg3 12. Nxg3 h5 13. h4 gxh4 14. Nf5 Bxf5 (14... Qf6 {is more complex.} 15. Nxh4 O-O-O 16. O-O-O Kb8 17. Kb1 Rc8) 15. Bxf5 Rg8 16. Bh3 Nf6 17. O-O-O Bb4 18. f3 Kf8 19. a3 Bxc3 20. Qxc3 Qd6 21. Kb1 Re8 22. Rhe1 Rg3 23. Qd2 Kg7 {Played: Nf6-g4} 0-1

[Event "72nd RUS-ch Higher League 2019"]
[Site "Yaroslavl"]
[Date "2019.07.03"]
[Round "6.12"]
[White "Belozerov, Andrei"]
[Black "Rakhmanov, Aleksandr"]
[Result "0-1"]
[WhiteElo "2533"]
[BlackElo "2615"]
[Annotator "ChessBase"]
[PlyCount "66"]
[EventDate "2019.06.27"]
[EventType "swiss"]
[EventCountry "RUS"]
[SourceTitle "playchess.com"]
[Source "ChessBase"]
[SourceQuality "1"]
[TimeControl "40/5400+30:1800+30"]

1. e4 {[%emt 0:00:00]} c5 {[%emt 0:00:04]} 2. Nc3 {[%emt 0:00:07]} Nc6 {[%emt 0:00:15]} 3. Nf3 {[%emt 0:00:18]} Nf6 {[%emt 0:00:06]} 4. d4 {[%emt 0:04:23]} d5 {[%emt 0:00:13]} 5. exd5 {[%emt 0:04:46]} Nxd5 {[%emt 0:00:18]} 6. Nxd5 {[%emt 0:00:20]} Qxd5 {[%emt 0:00:10]} 7. Be3 {[%emt 0:00:10]} cxd4 {[%emt 0:01:41]} 8. Nxd4 {[%emt 0:00:18]} a6 {[%emt 0:00:54]} 9. Be2 {[%emt 0:05:34]} e5 {[%emt 0:02:03]} 10. Nxc6 {[%emt 0:05:01]} Qxc6 {[%emt 0:00:08]} 11. Qd3 {[%emt 0:03:19]} Qxg2 {[%emt 0:18:30]} 12. O-O-O {[%emt 0:00:59]} Be6 {[%emt 0:01:07]} 13. f4 {[%emt 0:04:21]} Be7 {[%emt 0:13:08]} 14. Rhg1 {[%emt 0:11:38]} Qc6 {[%emt 0:11:00]} 15. f5 {[%emt 0:25:45]} Bxa2 {[%emt 0:18:51]} 16. Bg5 {[%emt 0:01:02]} f6 {[%emt 0:04:18]} 17. Bf3 {[%emt 0:04:33]} Qc7 {[%emt 0:09:55]} 18. Bh5+ {[%emt 0:05:21]} Bf7 {[%emt 0:00:07]} 19. Bxf7+ {[%emt 0:00:28]} Kxf7 {[%emt 0:00:04]} 20. Qb3+ {[%emt 0:00:14]} Kf8 {[%emt 0:03:31]} 21. Be3 {[%emt 0:08:03]} Rc8 {[%emt 0:04:26]} 22. Rd2 {[%emt 0:04:35]} b5 {[%emt 0:00:33]} 23. Bh6 {[%emt 0:04:09]} gxh6 {[%emt 0:02:01]} 24. Qh3 {[%emt 0:01:45]} Qc4 {[%emt 0:00:20]} 25. Rg4 {[%emt 0:02:39]} Qa2 {[%emt 0:01:50]} 26. c3 {[%emt 0:01:57]} b4 {[%emt 0:01:01]} 27. Qxh6+ {[%emt 0:01:09]} Ke8 {[%emt 0:00:04]} 28. Rg7 {[%emt 0:00:26]} Qa1+ {[%emt 0:02:28]} 29. Kc2 {[%emt 0:00:01]} b3+ {[%emt 0:00:20]} 30. Kxb3 {[%emt 0:01:00]} Rb8+ {[%emt 0:00:07]} 31. Kc4 {[%emt 0:00:01]} Qf1+ {[%emt 0:00:37]} 32. Kd5 {[%emt 0:00:58]} Qf3+ {[%emt 0:01:52]} 33. Kc4 {[%emt 0:00:25]} Qe4+ {[%emt 0:00:19] Kd4} 0-1